Szczegóły MARC21

Nachtglut ; Unbezähmbar : zwei Romane in einem Band /

003 -Nazwa inst., której nr kontr. jest w polu 001 [,]
    • @
    • Nazwa instytucji, której n kontrolny jest w polu 001
    • NUKAT
005 -DATA I CZAS OSTATNIEJ MODYFIKACJI [,]
    • @
    • pole kontrolne
    • 20241231101424.0
020 -Międzynarod. znormalizowany nr książki - ISBN [ , ]
    • a
    • Numer ISBN
    • 3442116317 Find
040 -Instytucja sporządzająca opis [ , ]
    • a
    • Instytucja, która sporządziła opis (NP)
    • SZCZ U/AB
    • b
    • Język katalogowania
    • pol
    • e
    • Zasady katalogowania
    • rda
    • c
    • Instytucja, która sporządziła rekord (NP)
    • SZCZ U/ABs
041 -Język dokumentu [1, ]
    • a
    • Język tekstu (P)
    • niemiecki
    • h
    • Język tekstu oryginalnego i/lub pośredniego (P)
    • angielski
942 -Rodzaj dokumentu [ , ]
    • c
    • Rodzaj dokumentu
    • Książka
100 -Hasło główne - nazwa osobowa [1, ]
    • a
    • Nazwa osobowa (NP)
    • Dailey, Janet
    • d
    • Daty biograficzne (NP)
    • (1944-2013).
    • e
    • Rodzaj współpracy
    • Autor
    • 9
    • KHW
    • 526003
240 -Tytuł ujednolicony [1,0]
    • a
    • Tytuł ujednolicony
    • Rogue
    • l
    • Język tekstu
    • (niem.)
    • 9
    • KHW
    • 526007
245 -Strefa tytułu i oznaczenia odpowiedzialności [1,0]
    • a
    • Tytuł
    • Nachtglut ; Find
    • b
    • Ciąg dalszy tytułu (NP)
    • Unbezähmbar : zwei Romane in einem Band / Find
    • c
    • Pozostałe elementy strefy tytułu i oznaczenia odpowiedzialności (NP)
    • Janet Dailey ; aus dem Amerikanischen von Lotte Becker-Voss [und] Eva Malsch.
260 -Strefa adresu wydawniczego [ , ]
    • a
    • Miejsce wydania (P)
    • München :
    • b
    • Nazwa wydawcy (P)
    • Goldmann,
    • c
    • Data wydania (P)
    • © 1986.
300 -Strefa opisu fizycznego [ , ]
    • a
    • Określenie formy książki i/lub objętość (NP)
    • 167, [1], 286, [1] strona ;
    • c
    • Format (NP)
    • 18 cm.
336 -Typ zawartości [ , ]
    • a
    • Termin opisujący typ zawartości
    • Tekst
    • b
    • Kod określający zawartość
    • txt
    • 2
    • Źródło (terminu i kodu)
    • rdacontent
337 -Typ mediów [ , ]
    • a
    • Tryb odtwarzania
    • Bez urządzenia pośredniczącego
    • b
    • Kod typu mediów
    • n
    • 2
    • Źródło (terminu i kodu)
    • rdamedia
338 -Typ/rodzaj nośnika [ , ]
    • a
    • Hasło opisujące typ nośnika
    • Wolumin
    • b
    • Kod typu nośnika
    • nc
    • 2
    • Źródło (terminu i kodu)
    • rdacarrier
380 -Deskryptor - Forma dzieła (P) [ , ]
    • a
    • forma dzieła (NP)
    • Proza
490 -Strefa serii i książki wielotomowej - forma nie do wyszukiwania [1, ]
    • a
    • Tytuł (P)
    • Goldmann ; Find
    • v
    • Numeracja (P)
    • 11631
830 -Hasło dodatkowe serii i opisu książki wielotomowej - tytuł ujednolicony/tytuł [ ,0]
    • a
    • Tytuł ujednolicony/tytuł (NP)
    • Goldmann-Taschenbuch
    • v
    • Oznaczenie tomu (NP)
    • 11631
    • 9
    • KHW
    • 428388
655 -Hasło w funkcji tematu formalnego [ ,7]
    • a
    • Hasło
    • Powieść amerykańska
    • y
    • Określnik chronologiczny
    • 1970-
    • v
    • Określnik formy
    • tłumaczenia niemieckie.
    • 2
    • Źródło terminu
    • kaba
    • 9
    • KHW
    • 430562
655 -Hasło w funkcji tematu formalnego [ ,7]
    • a
    • Hasło
    • Historie miłosne amerykańskie
    • y
    • Określnik chronologiczny
    • 1970-
    • v
    • Określnik formy
    • tłumaczenia niemieckie.
    • 2
    • Źródło terminu
    • kaba
    • 9
    • KHW
    • 526214
700 -Hasło dodatkowe - nazwa osobowa [1, ]
    • a
    • Nazwa osobowa (NP)
    • Becker-Voss, Lotte Find
    • d
    • Daty biograficzne (NP)
    • (1931-2011).
    • e
    • Określenie rodzaju współpracy
    • Tłumaczenie
    • 9
    • KHW
    • 526006
700 -Hasło dodatkowe - nazwa osobowa [1, ]
    • a
    • Nazwa osobowa (NP)
    • Malsch, Eva. Find
    • e
    • Określenie rodzaju współpracy
    • Tłumaczenie
    • 9
    • KHW
    • 526002
700 -Hasło dodatkowe - nazwa osobowa [1,2]
    • a
    • Nazwa osobowa (NP)
    • Dailey, Janet Find
    • d
    • Daty biograficzne (NP)
    • (1944-2013).
    • t
    • Tytuł ujednolicony/tytuł (NP)
    • Night way Find
    • l
    • Język tekstu (NP)
    • (niem.)
    • 9
    • KHW
    • 526004
710 -Hasło dodatkowe - nazwa ciała zbiorowego [2, ]
    • a
    • Nazwa ciała zbiorowego lub nazwa geograficzna jako pierwszy element (NP)
    • Wilhelm Goldmann Verlag.
    • e
    • Rodzaj współpracy
    • Wydawca
    • 4
    • Kod relacji
    • pbl
    • 9
    • KHW
    • 99179
920 -ISBN [ , ]
    • a
    • ISBN
    • 3-442-11631-7 Find
Numer inwentarzowy Status udost. Lokalizacja Data inwentaryzacji Sygnatura
BC.13577-3BM2020-02-20Germ. Literatura amerykańska